00361nam a2200133Ia 4500008004100000041000800041082001600049100001700065245004500082250001400127260004400141300003100185365001100216240624s9999 xx 000 0 und d aeng a658.311 ART aARTHUR DIANE aRECRUITING INTERVIEWING SELECTING AND OR a(4th ed.) c2007aNew DelhibPrentice-Hall of India axii, : 354 : p. : cm. ; 25 cRSb36